000
00299nam a2200121Ia 4500
008
191201s2003 xx 000 0 und d
100
_a
KUMAR, R.
245
0
_a
Calculus (Differential & Integral) B.A/ B.Sc
260
_a
N. Delhi
_b
Verdman Pub
_c
2003
300
_a
452
650
_a
MBA
942
_2
ddc
_c
BK
999
_c
382
_d
382